| 000 | 00982nam a2200289Ia 4500 | ||
|---|---|---|---|
| 003 | OSt | ||
| 005 | 20221007123201.0 | ||
| 006 | a|||||r|||| 00| 0 | ||
| 007 | ta | ||
| 008 | 221006b |||||||| |||| 00| 0 eng d | ||
| 020 | _a9783662600597 (pbk) | ||
| 024 | _a201915 | ||
| 037 |
_b3053, 21/12/2021, New India Book Agency _cTextbook |
||
| 040 |
_aPAPL _cPAPL _beng |
||
| 041 |
_2eng _aeng |
||
| 082 | _aC0aB281, Q2 Carpa | ||
| 100 |
_aBen-Menahem Yemima Ed. _9716770 |
||
| 245 | 0 |
_aProbability in physics _b Hemmo Meir Ed. |
|
| 250 | _aFirst South Asian | ||
| 260 |
_aBerlin _bSpringer _c2020 |
||
| 300 |
_axii,321p. ill. _ccm. |
||
| 490 | _aThe Frontiers Collection ISSN 1612-3018 | ||
| 500 | _aIndex 313-317p.; Title in this series 319-321p. | ||
| 700 |
_a Hemmo Meir Ed. _9716771 |
||
| 942 |
_hC0aB281, Q2 Carpa _cTB _2CC |
||
| 999 |
_c1211495 _d1211495 |
||